00481 2200181 4500245008300000020001800083250001100101100002100112700001700133650001700150005001900167260004100186041001400227084001300241300002500254336000900279338001100288 aDoraemon Petualangan 12 b : Nobita dan Kerajaan AwancFujio, Fujiko F.hText a979-637-963-5 aCet. 1 aFujio, Fujiko F. aTeti Koriati aKomik Jepang a20240903095855 aJakartabElex Media Komputindoc1996 aIndonesia a741.5592 a186 hlm. :c... jil. atext avolume